|
|
|
|
| LEADER |
00652nam a2200157 a 4500 |
| 008 |
090722s1961 nyu 000 1 eng d |
| 082 |
0 |
0 |
|a 823/.912
|2 16
|
| 100 |
1 |
|
|a Narayan, R. K.,
|d 1906-2001.
|
| 245 |
1 |
4 |
|a The man-eater of Malgudi /
|c R. K Narayan.
|
| 260 |
|
|
|a New York :
|b Penguin,
|c 1961.
|
| 300 |
|
|
|a 174 p.
|c 21 cm.
|
| 541 |
1 |
|
|e 00010091
|
| 650 |
|
0 |
|a Malgudi (India : Imaginary place)
|v Fiction.
|
| 852 |
4 |
|
|a Ayesha Abed Library
|j General shelf
|
| 999 |
|
|
|c 2724
|d 2724
|
| 952 |
|
|
|0 0
|1 4
|2 ddc
|4 0
|6 823_912000000000000_NAR
|7 0
|9 2503
|a BRACUL
|b BRACUL
|c GEN
|d 2009-07-23
|g 0.00
|l 0
|o 823.912 NAR
|p 3010010091
|r 2009-07-23
|t 1
|w 2009-07-23
|y BK
|x No price found in the accession register.
|